Bilecik Bilecik Bilecik Bilecik Bilecik

Almanca dil ve cümle bilgisi = (Record no. 7310)

MARC details
000 -BAŞLIK
Sabit Uzunluktaki Kontrol Alanı 00879nam a22002897a 4500
001 - KONTROL NUMARASI
Control Dosyası 0007331
003 - KONTROL NUMARASI KİMLİĞİ
Kontrol Alanı KOHA_MİRAKIL
005 - EN SON İŞLEM TARİHİ ve ZAMANI
Kontrol Alanı 20260207001554.0
007 - FİZİKSEL TANIM SABİT ALAN - GENEL BİLGİ
Sabit uzunluklu kontrol alanı ta
008 - SABİT UZUNLUKTAKİ VERİ ÖGELERİ - GENEL BİLGİ
Sabit Alan 090916b1969 tu |||gr||||#||||1|tur |
020 ## - ISBN - ULUSLARARASI STANDART KİTAP NUMARASI
Kullanılabilirlik koşulları 0,01
040 ## - KATALOGLAMA KAYNAĞI
Özgün Kataloglama Kurumu TR-BiSEU
Kataloglama Dili tur
Çeviri Kurumu TR-BiSEU
Açıklama Kuralları rda
041 0# - DİL KODU
Metin ya da ses kaydının dil kodu tur
044 ## - YAYINLAYAN/ÜRETEN KURULUŞUN ÜLKE KODU
ISO country code tu
050 ## - SINIFLAMA ve YER NUMARASI
Sınıflama Numarası PF3112
Yer Numarası .O94 1969
100 1# - KİŞİ ADI
Yazar Adı (Kişi adı) Özgencil, Orhan.
240 10 - TEK BİÇİM BAŞLIK
Tekbiçim Başlık <a href="wort und satzlehre der deutschen sprache">wort und satzlehre der deutschen sprache</a>
Language of a work Türkçe
245 1# - ESER ADI BİLDİRİMİ
Başlık Almanca dil ve cümle bilgisi =
Alt Eseradı vb. wort und satzlehre der deutschen sprache/
Sorumluluk Bildirimi Orhan Özgencil ; Orhan Özgencil.
264 #1 - ÜRERİM, YAYIN, DAĞITIM ve TELİF BİLDİRİMİ
Yayın yeri Ankara :
Yayınlayan [yay.y.]
Yayın tarihi 1969
300 ## - FİZİKSEL TANIMLAMA
Sayfa, Cilt vb. 208 sayfa; 21 cm.
336 ## - İÇERİK TÜRÜ
Content type term metin
Content type code txt
Source rdacontent
337 ## - MEDYA TÜRÜ
Media type term aracısız
Media type code n
Source rdamedia
338 ## - TAŞIYICI TÜRÜ
Carrier type term cilt
Carrier type code nc
Source rdacarrier
650 #0 - KONU BAŞLIĞI EK GİRİŞ - KONU TERİMİ
Konusal terim veya coğrafi ad German language-- Grammar.
9 (RLIN) 18230
650 #0 - KONU BAŞLIĞI EK GİRİŞ - KONU TERİMİ
Konusal terim veya coğrafi ad Alman dili--Gramer.
9 (RLIN) 18231
942 ## - EK GİRİŞ ÖGELERİ (KOHA)
Source of classification or shelving scheme Library of Congress Classification
Koha item type Book
Holdings
Materyal Türü Kalıcı Konum Mevcut Konum Raf Yeri Sınıflandırma Kaynağı Edinim Bilgisi Ana Konular Alt Konular Yer Numarası Demirbaş Numarası Fatura Tarihi Geri Çekilme Durumu Kayıp Durumu Hasarlı Durumu Kredi için değil Kayıt Tarih Toplam Ödünçverme Son Görülme Tarihi Son Kontrol Tarihi Genel / Bağış Notu
Book Prof. Dr. Azmi Özcan Kütüphanesi Prof. Dr. Azmi Özcan Kütüphanesi Birûni Salonu Library of Congress Classification Bağış DİL VE EDEBİYAT Batı Germen Dilleri PF3112 .O94 1969 0007331 13/08/2010         16/09/2009 9 05/12/2024 05/12/2024 Genel Bağış